00661 2200241 4500001002100000005001500021020002200036035002400058040001200082082001400094084001800108090001800126100003000144245007700174250001100251260003400262300002900296500002600325650002000351990001600371990001600387990001600403YOGYA00000000009971220140823124421 a978-602-955-965-1 0010-101300000000605 aYOPDYOG 2[22]a813 aYOG 813 Gan C aYOG 813 Gan C aGANGSAR R. Hayuaji, 1964- aCenthinibPerjalanan cintacGangsar R. Hayuaji ; editor, Arini Hidajati. aCet.1. aYogyakartabDiva Pressc2010. a...jilidc21 cm (3 eks.) aYang diterima : jil.2 aFiksi Indonesia a2455/B.2013 a2456/B.2013 a2457/B.2013